000 00901nam0a22002411 4500
001 v19\rc\1757110
005 20250619063641.0
035 _a(NLR Aleph) 004859098
090 _a4993503
_c4993503
100 _a20061204d1903 |||y0rusy50 ca
101 0 _arus
102 _aRU
105 _ay z |||||
200 1 _aПрименение металлических шпал на железных дорогах
_eДоклад воен. инж. К. Вротновского
_eПрограмма
210 _aСанкт-Петербург
_cТ-во художеств. печати
_d[1903]
215 _a1 с.
300 _aВ конце текста номер изд.: № 86
700 1 _aВротновский
_bК.В.
_f1852-
_gКонстантин Вячеславович
801 0 _aRU
_bNLR
_gpsbo
801 1 _aRU
_bProSoft-M
_2rusmarc
852 _aNLR
_j18.159.2.374
942 _cBOOK
980 _aNB